000 00530nam a2200181Ia 4500
005 20250923144631.0
008 008 250917s9999 xx 000 0 eng d
037 _aTextual
040 _aDSWL
_beng
_cDSWL
041 _aeng
_2eng
084 _aS35y7, J8
_qDSWL
100 _aBergler, Edmund
_9826842
245 0 _aRevolt of the middle aged man
_cby Edmund Bergler
260 _aLondon
_bBernard Hanison Ltd.
_c1958
300 _aviii,308p.
942 _cTEXL
_hS35y7, J8
999 _c1441447
_d1441447